000 00643nam a2200241Ia 4500
003 OSt
005 20220918211813.0
006 a|||||r|||| 00| 0
007 ta
008 220917b |||||||| |||| 00| 0 eng d
024 _a125,649
037 _cTextual
040 _aARTS
_cARTS
_beng
041 _2eng
_aeng
082 _aW:915, K1-;2
110 _aAmerican Assembly (Columbia Univ)
_9121398
245 0 _aArms control
_b issues for the public
260 _c1961
650 _aPOLITICAL SCIENCE
700 _aAmerican Assembly (Columbia Univ)
_9121399
942 _hW:915, K1-;2
_cTEXL
_2CC
999 _c248797
_d248797